| 000 | 00993nam a2200229 a 4500 | ||
|---|---|---|---|
| 001 | 54651 | ||
| 003 | BD-RjUL | ||
| 005 | 20211209080141.0 | ||
| 008 | 101108s1978 bg ||||| |||| 00| 0 ben d | ||
| 035 | _a(BD-RjUL)54773 | ||
| 040 |
_aBD-RjUL _bben _cBD-RjUL _dBD-RjUL |
||
| 041 | _aben | ||
| 082 |
_a398.20954922 _bREL 1978 _223 |
||
| 100 |
_aরেজা, মাসুদ _9117523 |
||
| 245 | 1 | 0 |
_aলোক সাহিত্যে ফরিদপুর / _cমাসুদ রেজা, সম্পাদনা : জি, এম হালিম |
| 260 |
_aফরিদপুর : _bশিল্পকলা পরিষদ, _c১৯৭৮. |
||
| 300 |
_a[১।২], ১০০ পৃ. ; _c২২ সেমি. |
||
| 650 |
_aলোকসাহিত্য _zঢাকা বিভাগ (বাংলাদেশ) _9117524 |
||
| 650 |
_aFolk literature _zDhaka District (Bangladesh) _9117525 |
||
| 700 |
_aহালিম, জি, এম _qসম্পাদনা _9162993 |
||
| 942 |
_2ddc _cBK |
||
| 999 |
_c54651 _d54651 |
||